Panchayati Raj in India (Record no. 510002)

MARC details
000 -LEADER
fixed length control field 00679nam a2200241Ia 4500
003 - CONTROL NUMBER IDENTIFIER
control field OSt
005 - DATE AND TIME OF LATEST TRANSACTION
control field 20220925185141.0
008 - FIXED-LENGTH DATA ELEMENTS--GENERAL INFORMATION
fixed length control field 220923b |||||||| |||| 00| 0 hin d
037 ## - SOURCE OF ACQUISITION
Terms of availability General Book
040 ## - CATALOGING SOURCE
Original cataloging agency RTL
Transcribing agency RTL
Language of cataloging hin
041 ## - LANGUAGE CODE
Source of code hin
Language code of text/sound track or separate title hin
100 ## - MAIN ENTRY--PERSONAL NAME
Personal name Khanna R L
245 #0 - TITLE STATEMENT
Title Panchayati Raj in India
260 ## - PUBLICATION, DISTRIBUTION, ETC.
Place of publication, distribution, etc. Ambala
Name of publisher, distributor, etc. English Book Depot India
Date of publication, distribution, etc. 1972
300 ## - PHYSICAL DESCRIPTION
Extent 231p+vi
Dimensions cm.
500 ## - GENERAL NOTE
General note Bibliography at the end of each chapter; Appendix: P i-vii
650 ## - SUBJECT ADDED ENTRY--TOPICAL TERM
Topical term or geographic name entry element India Local Body
942 ## - ADDED ENTRY ELEMENTS (KOHA)
Classification part V2,63.N7, L2
Koha item type General Books
Source of classification or shelving scheme Colon Classification (CC)

No items available.

Copyright @ Delhi University Library System